00529nam a2200241Ia 4500008004000000020001800040041000800058082001500066100002100081245005100102250000500153260003300158300001300191650000900204650001100213650001100224650001300235650000700248650001100255650000700266650000800273650000600281210210b2011 xxu||||| |||| 00| 0 eng d a9781844453702 aeng a361.3 PARV aPARROTT (Lester) aValues and ethics in social work practice Ed 2 a aUKbM Learning Mattersc2011 axvii,173 awork aValues asocial apractice ain aethics aEd aand a2